| 000 | 00899cad a22002055a 4500 | ||
|---|---|---|---|
| 001 | E151853 | ||
| 008 | 101215s2010 xxk f s000 0 eng d | ||
| 035 | _a(Sirsi) u151853 | ||
| 041 | 0 | _aeng | |
| 110 | 2 |
_aScotland _kLaws, etc |
|
| 245 | 0 | 0 |
_aHousing (Scotland) Act 2010 _h[electronic resource] |
| 260 |
_a[Scotland] _bStationery Office _c2010 |
||
| 520 | _aAn Act to establish the Scottish Housing Regulator and to make provision about housing, including provision about the performance and regulation of social landlords and reforms of the right to buy social housing. | ||
| 590 | _aKA | ||
| 650 | 2 | 4 | _aHOUSING (SCOTLAND) ACT 2010 |
| 651 | 4 |
_aScotland _y1999- |
|
| 690 | _aPROPERTY-RESIDENTIAL PROPERTY-DOMESTIC RESIDENTIAL PROPERTY-HOUSING | ||
| 856 | 4 | 0 |
_uhttps://www.legislation.gov.uk/asp/2010/17/contents/enacted _zView the guidance free of charge at www.legislation.gov.uk |
| 942 | _n0 | ||
| 999 |
_c111673 _d111673 |
||